| 000 | 00000nam##2200000za#4500 |
| 001 | 9.693510 |
| 003 | CaOODSP |
| 005 | 20210624233710 |
| 007 | cr ||||||||||| |
| 008 | 150407|1999||||xxc|||||o f|0| 0 eng|d |
| 040 | |aCaOODSP|beng |
| 043 | |an-cn--- |
| 086 | 1 |aA22-188/1999E-PDF |
| 110 | 1 |aCanada. |bAgriculture and Agri-Food Canada. |
| 245 | 10|aProfile of the 1998 Farm Financial Survey |h[electronic resource] |
| 260 | |aOttawa - Ontario : |bAgriculture and Agri-Food Canada |c1999. |
| 300 | |a48p.|bgraphs, tables |
| 500 | |aThe catalogue number (A22-188/1999E) and ISBN (0-662-27640-X) copied in this electronic publication are incorrect. |
| 590 | |a10-05-Supp|b2010-07-20 |
| 690 | 07|aAgriculture statistics|2gcpds |
| 690 | 07|aFarming|2gcpds |
| 775 | 08|tProfil de l'enquête financière sur les exploitations agricoles de 1998 |w(CaOODSP)9.637688 |
| 856 | 40|ahttp://publications.gc.ca|qPDF|s262 KB|uhttps://publications.gc.ca/collections/Collection/A22-188-1999E.pdf |